|
|
|
|
| LEADER |
01705nam a2200373 a 4500 |
| 001 |
33683 |
| 003 |
BD-DhAAL |
| 005 |
20211121155143.0 |
| 008 |
180813t2001 enka 001 0 eng d |
| 999 |
|
|
|c 39980
|d 39980
|
| 010 |
|
|
|a 2002265372
|
| 015 |
|
|
|a GBA1-X7147
|
| 020 |
|
|
|a 0192853961
|
| 020 |
|
|
|a 9780192853967
|
| 035 |
|
|
|a (OCoLC)ocm46984973
|
| 040 |
|
|
|a UKM
|c UKM
|d DGU
|d DLC
|d BD-DhAAL
|
| 042 |
|
|
|a lccopycat
|
| 050 |
0 |
0 |
|a DC148
|b .D688 2001
|
| 082 |
0 |
0 |
|a 944.04
|2 21
|
| 100 |
1 |
|
|a Doyle, William,
|d 1942-
|9 27824
|
| 245 |
1 |
4 |
|a The French Revolution :
|b a very short introduction /
|c William Doyle.
|
| 260 |
|
|
|a Oxford ;
|b New York :
|b Oxford University Press,
|c c2001.
|
| 300 |
|
|
|a 135 pages :
|b illustrations ;
|c 18 cm.
|
| 440 |
|
0 |
|a Very short introductions ;
|v 54
|9 27825
|
| 504 |
|
|
|a Includes bibliographical references (pages 119-123) and index.
|
| 526 |
|
|
|a ENH
|
| 541 |
|
|
|a Trim Education
|e 33683, 33684, 33685
|
| 650 |
|
|
|a English language.
|9 42944
|
| 651 |
|
4 |
|a France
|x History
|y Revolution, 1789-1799.
|9 27826
|
| 852 |
|
|
|a Ayesha Abed Library
|c General Stacks
|
| 942 |
|
|
|2 ddc
|c BK
|
| 952 |
|
|
|0 0
|1 0
|2 ddc
|4 0
|6 944_040000000000000_DOY
|7 0
|9 64234
|a BRACUL
|b BRACUL
|c GEN
|d 2018-08-08
|e Trim Education
|g 995.00
|l 7
|m 38
|o 944.04 DOY
|p 3010033683
|r 2025-09-20
|s 2025-05-26
|t 1
|v 995.00
|w 2018-08-08
|y BK
|
| 952 |
|
|
|0 0
|1 0
|2 ddc
|4 0
|6 944_040000000000000_DOY
|7 0
|9 64235
|a BRACUL
|b BRACUL
|c GEN
|d 2018-08-08
|e Trim Education
|g 995.00
|l 5
|m 41
|o 944.04 DOY
|p 3010033684
|r 2025-02-10
|s 2025-02-02
|t 2
|v 995.00
|w 2018-08-08
|y BK
|
| 952 |
|
|
|0 0
|1 0
|2 ddc
|4 0
|6 944_040000000000000_DOY
|7 0
|9 64236
|a BRACUL
|b BRACUL
|c GEN
|d 2018-08-08
|e Trim Education
|g 995.00
|l 6
|m 41
|o 944.04 DOY
|p 3010033685
|r 2026-02-23
|s 2026-02-02
|t 3
|v 995.00
|w 2018-08-08
|y BK
|